| 000 -LEADER |
| fixed length control field |
01433cam a22002898i 4500 |
| 001 - CONTROL NUMBER |
| control field |
21067549 |
| 005 - DATE AND TIME OF LATEST TRANSACTION |
| control field |
20221107105716.0 |
| 008 - FIXED-LENGTH DATA ELEMENTS--GENERAL INFORMATION |
| fixed length control field |
190711s2020 enk b 000 0 eng |
| 020 ## - INTERNATIONAL STANDARD BOOK NUMBER |
| International Standard Book Number |
9780367193461x |
| 041 ## - LANGUAGE CODE |
| Language code of text/sound track or separate title |
eng |
| 080 ## - UNIVERSAL DECIMAL CLASSIFICATION NUMBER |
| Universal Decimal Classification number |
376.33 W-69 |
| 100 ## - MAIN ENTRY--PERSONAL NAME |
| Personal name |
Williams, Diana |
| 9 (RLIN) |
11036 |
| 245 10 - TITLE STATEMENT |
| Title |
Early listening skills for children with a hearing loss : |
| Remainder of title |
a resource for professionals in health and education / |
| Statement of responsibility, etc. |
Diana Williams. |
| 250 ## - EDITION STATEMENT |
| Edition statement |
Second edition. |
| 263 ## - PROJECTED PUBLICATION DATE |
| Projected publication date |
1911 |
| 264 #1 - PRODUCTION, PUBLICATION, DISTRIBUTION, MANUFACTURE, AND COPYRIGHT NOTICE |
| Place of production, publication, distribution, manufacture |
Abingdon, Oxon ; New York, NY : |
| Name of producer, publisher, distributor, manufacturer |
Routledge, |
| Date of production, publication, distribution, manufacture, or copyright notice |
2020. |
| 300 ## - PHYSICAL DESCRIPTION |
| Extent |
245 pages ; |
| Other physical details |
28 cm. |
| 650 #0 - SUBJECT ADDED ENTRY--TOPICAL TERM |
| Topical term or geographic name entry element |
Hearing impaired children |
| General subdivision |
Education (Early childhood) |
| 9 (RLIN) |
11037 |
| 650 #0 - SUBJECT ADDED ENTRY--TOPICAL TERM |
| Topical term or geographic name entry element |
Deaf children |
| General subdivision |
Education (Early childhood) |
| 9 (RLIN) |
11038 |
| 650 #0 - SUBJECT ADDED ENTRY--TOPICAL TERM |
| Topical term or geographic name entry element |
Listening |
| General subdivision |
Study and teaching (Early childhood) |
| -- |
Activity programs. |
| 9 (RLIN) |
11039 |
| 650 #0 - SUBJECT ADDED ENTRY--TOPICAL TERM |
| Topical term or geographic name entry element |
Hearing disorders in children |
| General subdivision |
Treatment. |
| 9 (RLIN) |
11040 |
| 653 ## - INDEX TERM--UNCONTROLLED |
| keyword |
ადრეული მოსმენის უნარი სმენის დაკარგვის მქონე ბავშვებისთვის |
| 653 ## - INDEX TERM--UNCONTROLLED |
| keyword |
პედაგოგიკა |
| 653 ## - INDEX TERM--UNCONTROLLED |
| keyword |
სმენის დარღვევები ბავშვებში |
| 776 08 - ADDITIONAL PHYSICAL FORM ENTRY |
| Relationship information |
Online version: |
| Main entry heading |
Williams, Diana, |
| Title |
Early listening skills for children with a hearing loss |
| Edition |
Second edition. |
| Place, publisher, and date of publication |
Abingdon, Oxon ; New York, NY : Routledge, 2020. |
| International Standard Book Number |
9780429201912 |
| Record control number |
(DLC) 2019025076 |
| 942 ## - ADDED ENTRY ELEMENTS (KOHA) |
| Source of classification or shelving scheme |
|
| Koha item type |
წიგნი |